00861nam a2200229Ia 4500008004100000020002200041040001800063041000800081100002400089245011300113260004400226300005200270490004900322504005300371650003600424650004000460650001700500650002500517650001400542700003600556765003900592130821s2010 sp a gr spa  a978 84 460 2761 4 aCo-BoUCMbspa00aspa1 aKalyvas, Stathis N.13aLa lógica de la violencia en la guerra civilcStathis N. Kalyvas ; traducción de Pedro A. Piedras Monroy aMadrid (España)bEdiciones Akalc2010 a655 páginasbilustraciones gráficos, tablas 0aAkal Universitaria.nCiencia Políticav299 aIncluye referencias bibliográficas e índice. aGuerra civilvAspectos sociales aGuerra civilxAspectos económicos aSociología aViolencia política aViolencia1 aPiedras Monroy, Pedro A.etrad.1 tThe logic of violence in civil war